[Event "4NCL Division 3 South"]
[Site "Maidenhead, ENG"]
[Date "2022.02.13"]
[Round "4.93"]
[White "Phillips, William"]
[Black "Rogacewicz, Mikolaj"]
[Result "0-1"]
[WhiteElo "1814"]
[BlackElo "1957"]
[PlyCount "50"]
[EventDate "2022.02.13"]
[WhiteTeam "Cambridge University 3"]
[BlackTeam "Sussex Martlets 2"]

1. d4 e6 2. Nf3 Nf6 3. Bg5 c5 4. e3 Nc6 5. Bd3 cxd4 6. exd4 Qb6 7. Bxf6 gxf6 8.
d5 Qxb2 9. Nbd2 Ne5 10. O-O Nxd3 11. cxd3 f5 12. d4 Bg7 13. Nc4 Qb4 14. Qe2 O-O
15. dxe6 dxe6 16. Rfc1 b6 17. Nce5 Bb7 18. Rc7 Be4 19. Ng5 Qxd4 20. Rac1 Qxe5
21. Qh5 f4 22. Rxf7 Bg6 23. Rxf8+ Bxf8 24. Qg4 Rc8 25. Rd1 Qf5 0-1

[Event "4NCL Division 3 South"]
[Site "Maidenhead, ENG"]
[Date "2022.02.13"]
[Round "4.94"]
[White "Higgs, Anthony R J"]
[Black "Breed, Greg J"]
[Result "1/2-1/2"]
[WhiteElo "1964"]
[BlackElo "1784"]
[PlyCount "81"]
[EventDate "2022.02.13"]
[WhiteTeam "Sussex Martlets 2"]
[BlackTeam "Cambridge University 3"]

1. d4 d5 2. Nf3 Nf6 3. g3 e6 4. Bg2 c5 5. O-O Nc6 6. c3 Qb6 7. e3 Bd7 8. Nbd2
cxd4 9. exd4 Be7 10. Re1 O-O 11. Ne5 Rfe8 12. g4 h6 13. h4 Nxe5 14. dxe5 Nh7
15. Nf3 Rac8 16. Qe2 Bb5 17. Qd1 Rc4 18. Be3 Qd8 19. Nd4 Ba6 20. h5 Ng5 21. Qc2
Qc7 22. f4 Ne4 23. Bxe4 dxe4 24. Qh2 b5 25. g5 b4 26. cxb4 Bxb4 27. Rec1 Rc8
28. Rxc4 Qxc4 29. Qg3 hxg5 30. Qxg5 Kh7 31. Kh1 Qc7 32. Rg1 Bf8 33. Qg3 Re8 34.
Nb3 Bb7 35. Kh2 Qc2+ 36. Kh3 Qe2 37. Rh1 Be7 38. Rh2 Qd1 39. Nd4 Qf1+ 40. Rg2
Qh1+ 41. Rh2 1/2-1/2

[Event "4NCL Division 3 South"]
[Site "Maidenhead, ENG"]
[Date "2022.02.13"]
[Round "4.95"]
[White "Dhemrait, Surjit S"]
[Black "Howell, Chris I"]
[Result "0-1"]
[WhiteElo "1523"]
[BlackElo "1951"]
[PlyCount "114"]
[EventDate "2022.02.13"]
[WhiteTeam "Cambridge University 3"]
[BlackTeam "Sussex Martlets 2"]

1. e4 c5 2. Nc3 g6 3. f4 Bg7 4. Nf3 Nc6 5. a3 a6 6. Be2 e6 7. O-O Nd4 8. d3 Ne7
9. Be3 Nec6 10. Qd2 Nxe2+ 11. Qxe2 b6 12. Nd1 O-O 13. c3 d5 14. Nf2 d4 15. Bd2
Bb7 16. Qe1 Qc7 17. Ng4 Rad8 18. Qh4 Qe7 19. Ng5 h5 20. f5 exf5 21. exf5 Qe2
22. f6 Qxg4 23. Qxg4 hxg4 24. fxg7 Kxg7 25. Rae1 Bc8 26. c4 Bf5 27. Ne4 f6 28.
Bf4 Ne5 29. Bxe5 fxe5 30. Ng5 Rde8 31. Ne4 Kh6 32. g3 Bxe4 33. Rxe4 Rxf1+ 34.
Kxf1 Kg5 35. Kg2 Kf5 36. Kf1 b5 37. cxb5 axb5 38. Ke1 c4 39. Kd2 Rc8 40. Re2
c3+ 41. Kc2 cxb2+ 42. Kxb2 Rc3 43. Rd2 Ke6 44. Ka2 Kd5 45. Kb2 g5 46. Ka2 e4
47. dxe4+ Kxe4 48. Rb2 Rc5 49. Re2+ Kd3 50. Re1 Kd2 51. Re4 d3 52. Kb3 Rc3+ 53.
Kb2 Rc5 54. Kb3 Kd1 55. Kb2 Rc2+ 56. Kb3 Rxh2 57. Kc3 d2 0-1

[Event "4NCL Division 3 South"]
[Site "Maidenhead, ENG"]
[Date "2022.02.13"]
[Round "4.96"]
[White "Sutton, Daniel"]
[Black "Nettleton, Robin"]
[Result "1-0"]
[WhiteElo "2027"]
[BlackElo "1326"]
[PlyCount "79"]
[EventDate "2022.02.13"]
[WhiteTeam "Sussex Martlets 2"]
[BlackTeam "Cambridge University 3"]

1. e4 c5 2. c3 Nf6 3. e5 Nd5 4. d4 cxd4 5. Nf3 e6 6. cxd4 Be7 7. Bc4 Nb6 8. Bd3
d5 9. O-O Nc6 10. Nc3 Bd7 11. b3 Qc7 12. Bb2 O-O-O 13. Nb5 Qb8 14. a4 a6 15. a5
Na8 16. Nc3 Rdg8 17. Qd2 Bb4 18. Rfc1 Kd8 19. Ba3 h6 20. Qf4 Rf8 21. Bxb4 Nxb4
22. Be2 f6 23. Qe3 f5 24. Na4 Bxa4 25. Rxa4 Nc6 26. Bxa6 Ke7 27. Bb5 Rc8 28.
Bxc6 Rxc6 29. Rxc6 bxc6 30. Qc3 Rd8 31. Qc5+ Kf7 32. Rb4 Qc7 33. a6 Qd7 34. h4
Nc7 35. Rb7 Kg6 36. a7 Qe8 37. Ne1 Nb5 38. Nd3 Ra8 39. Nb4 Qc8 40. Qxc6 1-0

[Event "4NCL Division 3 South"]
[Site "Maidenhead, ENG"]
[Date "2022.02.13"]
[Round "4.101"]
[White "Weersing, Abigail Riis"]
[Black "Smith, Steven J"]
[Result "1/2-1/2"]
[WhiteElo "2032"]
[BlackElo "1851"]
[PlyCount "104"]
[EventDate "2022.02.13"]
[WhiteTeam "Poisoned Pawns"]
[BlackTeam "Wessex Some Stars C"]

1. d4 Nf6 2. c4 g6 3. Nc3 d5 4. cxd5 Nxd5 5. Bd2 Bg7 6. Nf3 O-O 7. e4 Nb6 8.
Be3 Nc6 9. h3 Na5 10. Qc1 Bd7 11. Bh6 Rc8 12. Bxg7 Kxg7 13. Qf4 Nac4 14. b3 Nd6
15. Rc1 c5 16. Qe5+ f6 17. Qf4 cxd4 18. e5 dxc3 19. exd6 e5 20. Qb4 Be6 21. Be2
Rf7 22. Rxc3 Rxc3 23. Qxc3 Qxd6 24. O-O Rc7 25. Qb2 Qc5 26. Bd3 Qc3 27. Qe2 Nd5
28. Qe4 Nf4 29. Bb1 Bd5 30. Qe3 Qxe3 31. fxe3 Bxf3 32. exf4 Bd5 33. Rd1 Bc6 34.
g3 Rd7 35. Rxd7+ Bxd7 36. h4 h6 37. Bd3 g5 38. hxg5 hxg5 39. fxg5 fxg5 40. Kf2
Kf6 41. Ke3 Be6 42. Bc2 b6 43. a3 a5 44. b4 axb4 45. axb4 Bf5 46. Bb3 Ke7 47.
Bd5 Kd6 48. Bf3 Be6 49. Be4 Bd5 50. Bd3 Bg2 51. Ba6 Bc6 52. Bc4 Bd5 1/2-1/2

[Event "4NCL Division 3 South"]
[Site "Maidenhead, ENG"]
[Date "2022.02.13"]
[Round "4.102"]
[White "Coburn, Joseph A"]
[Black "Kemp, Paul R"]
[Result "0-1"]
[WhiteElo "1776"]
[BlackElo "2013"]
[PlyCount "116"]
[EventDate "2022.02.13"]
[WhiteTeam "Wessex Some Stars C"]
[BlackTeam "Poisoned Pawns"]

1. d4 d5 2. Nf3 Nf6 3. g3 Bf5 4. Bg2 e6 5. O-O Bd6 6. c4 c6 7. cxd5 exd5 8. Nc3
O-O 9. Nh4 Bg6 10. Qb3 Qb6 11. Qxb6 axb6 12. Nxg6 hxg6 13. e4 dxe4 14. Nxe4
Nxe4 15. Bxe4 Re8 16. Bf3 Nd7 17. Be3 Nf6 18. a3 Bc7 19. Rac1 Rad8 20. Rfd1 Nd5
21. Bxd5 Rxd5 22. Rc4 Red8 23. Rdc1 b5 24. Rc5 Bb6 25. R5c2 Bxd4 26. Bxd4 Rxd4
27. Re1 Kf8 28. Kg2 Rd2 29. Re2 Rxc2 30. Rxc2 Rd4 31. Re2 b4 32. axb4 Rxb4 33.
Kf3 Rb5 34. h4 f6 35. Kg4 Kf7 36. Kf3 Rf5+ 37. Kg2 Re5 38. Rd2 Ke7 39. Kf3 Rd5
40. Re2+ Kd7 41. Kg4 c5 42. f4 b5 43. Rf2 c4 44. f5 gxf5+ 45. Rxf5 Rxf5 46.
Kxf5 Ke7 47. Ke4 Ke6 48. Kd4 Kd6 49. g4 Kc6 50. g5 fxg5 51. hxg5 g6 52. b3 cxb3
53. Kc3 b2 54. Kxb2 Kd5 55. Kb3 Ke5 56. Kb4 Kf5 57. Kxb5 Kxg5 58. Kc4 Kf4 0-1

[Event "4NCL Division 3 South"]
[Site "Maidenhead, ENG"]
[Date "2022.02.13"]
[Round "4.103"]
[White "Hutchinson, Norman A"]
[Black "Stuart, Graham"]
[Result "1-0"]
[WhiteElo "1987"]
[BlackElo "1760"]
[PlyCount "65"]
[EventDate "2022.02.13"]
[WhiteTeam "Poisoned Pawns"]
[BlackTeam "Wessex Some Stars C"]

1. e4 e6 2. d4 d5 3. Nd2 Nf6 4. e5 Nfd7 5. Ngf3 c5 6. c3 Nc6 7. Bd3 cxd4 8.
cxd4 Qb6 9. O-O Nxd4 10. Nxd4 Qxd4 11. Nf3 Qb6 12. Qa4 Be7 13. Qg4 g6 14. a3 f5
15. exf6 Nxf6 16. Qa4+ Bd7 17. Qc2 Rg8 18. Be3 Qd6 19. Bd4 Rc8 20. Qe2 a6 21.
Ne5 Nh5 22. g3 Bf6 23. Rfe1 Bxe5 24. Bxe5 Qe7 25. Bc3 Ng7 26. Qe5 Bc6 27. Qe3
Kd7 28. Bb4 Qf7 29. Qe5 Rgd8 30. Re3 Ke8 31. Rae1 Qc7 32. Qf6 Qf7 33. Rxe6+ 1-0

[Event "4NCL Division 3 South"]
[Site "Maidenhead, ENG"]
[Date "2022.02.13"]
[Round "4.104"]
[White "Deacon, David J"]
[Black "Rosen, Daniel B"]
[Result "1/2-1/2"]
[WhiteElo "1665"]
[BlackElo "1976"]
[PlyCount "61"]
[EventDate "2022.02.13"]
[WhiteTeam "Wessex Some Stars C"]
[BlackTeam "Poisoned Pawns"]

1. d4 f5 2. Nf3 Nf6 3. g3 e6 4. Bg2 d5 5. O-O Bd6 6. c4 c6 7. Qc2 O-O 8. b3 Qe7
9. Bb2 Bd7 10. Nbd2 Be8 11. Ne5 Nbd7 12. e3 Bh5 13. Ndf3 Bxf3 14. Nxd7 Qxd7 15.
Bxf3 Ne4 16. a4 Qe7 17. Qc1 Rf6 18. Bxe4 fxe4 19. Ba3 Bxa3 20. Qxa3 Qf7 21. Qd6
Rf8 22. Ra2 Qh5 23. cxd5 exd5 24. Qd7 Rh6 25. f4 exf3 26. Raf2 Rhf6 27. Qxb7
Qh6 28. Qe7 R6f7 29. Qe5 Rf5 30. Qe7 R5f7 31. Qe5 1/2-1/2

[Event "4NCL Division 3 South"]
[Site "Maidenhead, ENG"]
[Date "2022.02.13"]
[Round "4.105"]
[White "McMahon, Paul"]
[Black "Deacon, Nicholas"]
[Result "1-0"]
[WhiteElo "1917"]
[BlackElo "1422"]
[PlyCount "27"]
[EventDate "2022.02.13"]
[WhiteTeam "Poisoned Pawns"]
[BlackTeam "Wessex Some Stars C"]

1. e4 c5 2. Nf3 g6 3. Nc3 Bg7 4. Bc4 Nc6 5. O-O Nf6 6. d3 O-O 7. a3 a6 8. Be3
b5 9. Ba2 Qb6 10. Rb1 Nd4 11. e5 Ng4 12. Nd5 Qc6 13. Nxe7+ Kh8 14. Nxc6 1-0

[Event "4NCL Division 3 South"]
[Site "Maidenhead, ENG"]
[Date "2022.02.13"]
[Round "4.106"]
[White "Cuthbert, Larissa"]
[Black "Judkins, Brian D"]
[Result "1/2-1/2"]
[WhiteElo "1138"]
[BlackElo "1722"]
[PlyCount "85"]
[EventDate "2022.02.13"]
[WhiteTeam "Wessex Some Stars C"]
[BlackTeam "Poisoned Pawns"]

1. d4 d5 2. c4 Nc6 3. Bf4 Nf6 4. Nc3 a6 5. e3 e6 6. Rc1 Bd6 7. cxd5 exd5 8. Bg5
Be7 9. Bd3 Be6 10. Nge2 h6 11. Bh4 Qd7 12. a3 Bf5 13. Bxf6 Bxf6 14. Bxf5 Qxf5
15. Ng3 Qe6 16. Qb3 O-O-O 17. O-O Be7 18. Qa4 Qd7 19. b4 Na7 20. Qb3 c6 21. a4
Qd6 22. Na2 g6 23. Rc5 Qe6 24. Rc2 Kd7 25. Nc3 Rb8 26. b5 axb5 27. axb5 Qd6 28.
b6 Nc8 29. Rb2 Qa3 30. Qc2 Bd8 31. Na4 Be7 32. e4 Qd6 33. Nc5+ Ke8 34. e5 Qd8
35. Rc1 Bxc5 36. Qxc5 Ra8 37. Re1 Qe7 38. Qc2 Ra6 39. e6 Qf6 40. exf7+ Kxf7 41.
Qc5 Re8 42. Rf1 Ra4 43. Rd2 1/2-1/2

[Event "4NCL Division 3 South"]
[Site "Maidenhead, ENG"]
[Date "2022.02.13"]
[Round "4.111"]
[White "Farahi-Far, Arman"]
[Black "Weatherlake, John P"]
[Result "1/2-1/2"]
[WhiteElo "1730"]
[BlackElo "1974"]
[PlyCount "51"]
[EventDate "2022.02.13"]
[WhiteTeam "Barnet Knights C"]
[BlackTeam "Poole"]

1. d4 Nf6 2. c4 g6 3. Nf3 Bg7 4. g3 c6 5. Nc3 d5 6. cxd5 cxd5 7. Bg2 Ne4 8. Qc2
Nc6 9. e3 Bf5 10. Qb3 Qd7 11. O-O Nxc3 12. Qxc3 O-O 13. Bd2 a5 14. a3 a4 15. b4
Rac8 16. Qb2 Bd3 17. Rfc1 Na7 18. Rxc8 Nxc8 19. Ne5 Bxe5 20. dxe5 Bc4 21. Qd4
Rd8 22. Bc3 Qe6 23. Rd1 Nb6 24. h3 Bb3 25. Rf1 Rc8 26. f4 1/2-1/2

[Event "4NCL Division 3 South"]
[Site "Maidenhead, ENG"]
[Date "2022.02.13"]
[Round "4.112"]
[White "Stanciu, Ciprian"]
[Black "Bloom, Paul"]
[Result "1-0"]
[WhiteElo "1993"]
[BlackElo "1670"]
[PlyCount "95"]
[EventDate "2022.02.13"]
[WhiteTeam "Poole"]
[BlackTeam "Barnet Knights C"]

1. d4 Nf6 2. Bf4 d6 3. e3 Bf5 4. Nd2 Nbd7 5. Ngf3 h6 6. h3 g5 7. Bh2 Bg7 8. Bd3
Bg6 9. Bxg6 fxg6 10. c3 c6 11. Qc2 Nf8 12. e4 Qd7 13. g4 Qe6 14. O-O-O Qxa2 15.
e5 Nd5 16. exd6 O-O-O 17. dxe7 Nxe7 18. Ne5 a5 19. Qb3 Qxb3 20. Nxb3 Rd5 21. c4
Rxe5 22. Bxe5 Bxe5 23. dxe5 b6 24. Rd6 Nd7 25. Rhd1 Nb8 26. Nd4 Rf8 27. f3 Kb7
28. Rf6 Re8 29. Ne6 c5 30. Rd8 Rxd8 31. Nxd8+ Kc7 32. Nf7 Nd7 33. Re6 Nc6 34.
Re8 Nd4 35. e6 Nf6 36. Re7+ Kc6 37. Nd8+ Kd6 38. Rf7 Ng8 39. Rd7+ Ke5 40. e7
Nf6 41. e8=Q+ Nxe8 42. Re7+ Kd6 43. Rxe8 Nxf3 44. Nf7+ Kd7 45. Re3 Nd4 46. Nxh6
b5 47. cxb5 Nxb5 48. Nf7 1-0

[Event "4NCL Division 3 South"]
[Site "Maidenhead, ENG"]
[Date "2022.02.13"]
[Round "4.113"]
[White "Sarkar, Rian"]
[Black "Duggan, Michael F G"]
[Result "0-1"]
[WhiteElo "1603"]
[BlackElo "2061"]
[PlyCount "144"]
[EventDate "2022.02.13"]
[WhiteTeam "Barnet Knights C"]
[BlackTeam "Poole"]

1. d4 Nf6 2. c4 c5 3. d5 b5 4. cxb5 a6 5. bxa6 g6 6. Nc3 Bxa6 7. Bg5 Bg7 8. e4
Bxf1 9. Kxf1 d6 10. Nf3 O-O 11. g3 Qb6 12. Qc2 Na6 13. a3 Rfb8 14. Rb1 h6 15.
Be3 Ng4 16. Bd2 c4 17. Be1 Ne5 18. Nxe5 Bxe5 19. Bd2 Qb3 20. Qc1 Nc5 21. f3 Nd3
22. Qd1 Nxb2 23. Qxb3 Rxb3 24. f4 Bg7 25. Ne2 Raxa3 26. Nc1 Rb8 27. Ne2 c3 28.
Nxc3 Bxc3 29. Bxc3 Rxc3 30. Ke2 Rc2+ 31. Kf3 f5 32. exf5 gxf5 33. Rhe1 Rb3+ 34.
Re3 Rxe3+ 35. Kxe3 Rxh2 36. Kf3 Na4 37. Re1 Kf7 38. Ke3 Nb6 39. Rd1 Rb2 40. Kf3
Rb3+ 41. Kf2 Rb5 42. Rh1 Kg7 43. Re1 Nxd5 44. Kg2 Rb7 45. Kh3 Nf6 46. Kg2 Rb2+
47. Kf3 Rb3+ 48. Kg2 Ne4 49. Kg1 Rxg3+ 50. Kh2 Rf3 51. Rg1+ Kf7 52. Rh1 Rxf4
53. Kg2 Rf2+ 54. Kg1 Rf1+ 55. Kxf1 Ng3+ 56. Kg2 Nxh1 57. Kxh1 e5 58. Kg2 d5 59.
Kf3 h5 60. Ke3 h4 61. Kf3 d4 62. Kf2 e4 63. Ke2 h3 64. Kf2 f4 65. Kf1 f3 66.
Kf2 Kf6 67. Kf1 Kf5 68. Kf2 Kf4 69. Kf1 e3 70. Kg1 d3 71. Kf1 h2 72. Ke1 h1=Q#
0-1

[Event "4NCL Division 3 South"]
[Site "Maidenhead, ENG"]
[Date "2022.02.13"]
[Round "4.114"]
[White "Smith, Richard"]
[Black "Farahi-Far, Mohammad"]
[Result "1-0"]
[WhiteElo "1923"]
[BlackElo "1549"]
[PlyCount "70"]
[EventDate "2022.02.13"]
[WhiteTeam "Poole"]
[BlackTeam "Barnet Knights C"]

1. e4 c5 2. Nf3 Nc6 3. d4 cxd4 4. Nxd4 g6 5. c4 Bg7 6. Be3 Nf6 7. Nc3 O-O 8.
Be2 d6 9. Qd2 Ng4 10. Bxg4 Bxg4 11. h3 Bd7 12. Nde2 Ne5 13. b3 Bc6 14. Rd1 Nd7
15. Nd4 Qa5 16. O-O Nf6 17. f3 Nh5 18. Nd5 Qd8 19. Bg5 Bxd5 20. exd5 Re8 21.
Rfe1 Nf6 22. Re2 Qb6 23. Be3 Qd8 24. Rde1 Nh5 25. Bf2 Be5 26. Re4 e6 27. dxe6
fxe6 28. f4 Bxf4 29. Rxf4 Nxf4 30. Qxf4 e5 31. Qe4 exd4 32. Qd5+ Kf8 33. Rf1
Qd7 34. Bxd4+ Ke7 35. Qg5+ Ke6 1-0

[Event "4NCL Division 3 South"]
[Site "Maidenhead, ENG"]
[Date "2022.02.13"]
[Round "4.115"]
[White "Angelopoulos, Andreas"]
[Black "Fuller, David Michael"]
[Result "1/2-1/2"]
[WhiteElo "1520"]
[BlackElo "1889"]
[PlyCount "39"]
[EventDate "2022.02.13"]
[WhiteTeam "Barnet Knights C"]
[BlackTeam "Poole"]

1. d4 e6 2. c4 f5 3. Nc3 Nf6 4. g3 Be7 5. Bg2 O-O 6. Nf3 d6 7. O-O Ne4 8. Nxe4
fxe4 9. Nd2 d5 10. f3 exf3 11. Rxf3 Bf6 12. e3 Nc6 13. Qc2 Ne7 14. b3 Nf5 15.
Bb2 c6 16. Bh3 g6 17. Rd1 Qe7 18. Nb1 Qg7 19. Qd2 dxc4 20. bxc4 1/2-1/2

[Event "4NCL Division 3 South"]
[Site "Maidenhead, ENG"]
[Date "2022.02.13"]
[Round "4.116"]
[White "Popovic, Dragi"]
[Black "Agnihotri, Aaryan"]
[Result "0-1"]
[WhiteElo "1782"]
[BlackElo "1495"]
[PlyCount "80"]
[EventDate "2022.02.13"]
[WhiteTeam "Poole"]
[BlackTeam "Barnet Knights C"]

1. Nf3 Nc6 2. b3 d5 3. e3 e5 4. Bb2 Bd6 5. d3 Nge7 6. Nbd2 Bg4 7. Be2 Be6 8. a3
Ng6 9. b4 Nce7 10. c4 c6 11. Rc1 Nf5 12. cxd5 cxd5 13. Qa4+ Bd7 14. Qa5 Qxa5
15. bxa5 b6 16. a6 Bb5 17. d4 Bxe2 18. Kxe2 exd4 19. exd4 Nf4+ 20. Kf1 Nd3 21.
Rc2 Nxb2 22. Rxb2 Bxa3 23. Rb3 Bc1 24. Ke2 Bxd2 25. Kxd2 O-O 26. Kd3 Nd6 27.
Nd2 Rab8 28. Rc1 Rfc8 29. Rcc3 Rxc3+ 30. Rxc3 Rc8 31. Rxc8+ Nxc8 32. Kc3 Kf8
33. Kb4 Ke7 34. Kb5 Kd7 35. f3 Nd6+ 36. Kb4 Kc6 37. g4 Nb5 38. Nb3 Nc7 39. Kc3
Nxa6 40. Nc1 Nc7 0-1

[Event "4NCL Division 3 South"]
[Site "Maidenhead, ENG"]
[Date "2022.02.13"]
[Round "4.121"]
[White "Tenin, Aleksander"]
[Black "Ivan, Austin"]
[Result "1-0"]
[WhiteElo "2075"]
[BlackElo "1789"]
[PlyCount "143"]
[EventDate "2022.02.13"]
[WhiteTeam "War and Piece A"]
[BlackTeam "Cambridge University Y"]

1. e4 e6 2. d4 d5 3. Nc3 dxe4 4. Nxe4 Be7 5. Bd3 Nf6 6. Nf3 O-O 7. Qe2 Nbd7 8.
Bg5 Nd5 9. c3 Bxg5 10. Nexg5 g6 11. Nxe6 fxe6 12. Qxe6+ Kg7 13. Qxd5 Qe7+ 14.
Kd2 Nb6 15. Qe5+ Qxe5 16. dxe5 Bg4 17. Rhf1 Bxf3 18. gxf3 Rxf3 19. Be4 Nc4+ 20.
Kc2 Rf4 21. Rae1 Re8 22. Bxb7 Rxe5 23. Rxe5 Nxe5 24. f3 Ng4 25. Rh1 Ne5 26. Re1
Kf6 27. Re3 Rh4 28. Re2 Rf4 29. Rf2 Ng4 30. Rd2 Ne5 31. Rd4 Rxd4 32. cxd4 Nf7
33. Kd3 Nd6 34. Be4 Kg5 35. b4 Kf4 36. a4 g5 37. Bd5 h5 38. b5 g4 39. fxg4 Kxg4
40. Be6+ Kf3 41. d5 Kf4 42. Kd4 Nb7 43. Bc8 Nd8 44. a5 h4 45. d6 cxd6 46. Kd5
Ke3 47. b6 axb6 48. a6 b5 49. a7 b4 50. a8=Q b3 51. Kxd6 Kd2 52. Ke7 b2 53.
Qd5+ Kc1 54. Qc4+ Kd2 55. Qb4+ Kc1 56. Qc3+ Kb1 57. Kxd8 Ka2 58. Be6+ Ka1 59.
Qa3+ Kb1 60. Bf5+ Kc1 61. Ke7 h3 62. Bxh3 Kc2 63. Bf5+ Kd2 64. Qxb2+ Ke3 65.
Qe5+ Kf2 66. h4 Kf3 67. h5 Kf2 68. h6 Kf3 69. h7 Kf2 70. h8=Q Kf3 71. Qh3+ Kf2
72. Qee3# 1-0

[Event "4NCL Division 3 South"]
[Site "Maidenhead, ENG"]
[Date "2022.02.13"]
[Round "4.122"]
[White "Balasundaram, Sivasatyan"]
[Black "Tucker, David S"]
[Result "1/2-1/2"]
[WhiteElo "1762"]
[BlackElo "1924"]
[PlyCount "91"]
[EventDate "2022.02.13"]
[WhiteTeam "Cambridge University Y"]
[BlackTeam "War and Piece A"]

1. c4 c5 2. Nc3 Nc6 3. Nf3 g6 4. g3 Bg7 5. Bg2 Nf6 6. d3 O-O 7. O-O d5 8. cxd5
Nxd5 9. Bd2 e6 10. Qc1 Qe7 11. Bh6 Nxc3 12. bxc3 e5 13. Bxg7 Kxg7 14. Nd2 Bd7
15. Qb2 Rab8 16. a4 Rfc8 17. e3 f6 18. Nb3 b6 19. d4 c4 20. Nd2 exd4 21. exd4
Nxd4 22. cxd4 c3 23. Qa2 cxd2 24. Qxd2 Rc4 25. a5 b5 26. Rfc1 Qd6 27. Rxc4 bxc4
28. Rc1 Qb4 29. Qxb4 Rxb4 30. Bd5 Bb5 31. Kg2 Kf8 32. Kf3 Ke7 33. Rc3 Kd6 34.
Bg8 Bc6+ 35. Ke3 Bd5 36. Bxh7 Bf7 37. h4 Rb5 38. g4 Rxa5 39. h5 gxh5 40. gxh5
Rxh5 41. Be4 Rh3+ 42. f3 Rh5 43. Ra3 a5 44. d5 Bxd5 45. Rxa5 Re5 46. Ra6+
1/2-1/2

[Event "4NCL Division 3 South"]
[Site "Maidenhead, ENG"]
[Date "2022.02.13"]
[Round "4.123"]
[White "Foulds, Andrew"]
[Black "Evans, Daniel"]
[Result "1-0"]
[WhiteElo "1843"]
[BlackElo "1554"]
[PlyCount "35"]
[EventDate "2022.02.13"]
[WhiteTeam "War and Piece A"]
[BlackTeam "Cambridge University Y"]

1. d4 Nf6 2. c4 e6 3. Nc3 Bb4 4. Nf3 c5 5. g3 cxd4 6. Nxd4 Bxc3+ 7. bxc3 a6 8.
Bg2 h6 9. Ba3 Qc7 10. Qb3 Nc6 11. Rb1 b5 12. cxb5 Nxd4 13. cxd4 d5 14. b6 Qd7
15. b7 Bxb7 16. Qxb7 Qxb7 17. Rxb7 Rc8 18. O-O 1-0

[Event "4NCL Division 3 South"]
[Site "Maidenhead, ENG"]
[Date "2022.02.13"]
[Round "4.124"]
[White "Parikh, Naavya"]
[Black "O'Byrne, Daniel"]
[Result "1-0"]
[WhiteElo "1432"]
[BlackElo "1674"]
[PlyCount "61"]
[EventDate "2022.02.13"]
[WhiteTeam "Cambridge University Y"]
[BlackTeam "War and Piece A"]

1. e4 c5 2. Nc3 e6 3. f4 d5 4. Bb5+ Nc6 5. Bxc6+ bxc6 6. d3 Nf6 7. Nf3 Qb6 8.
O-O c4+ 9. Kh1 cxd3 10. cxd3 Ba6 11. e5 Ng4 12. Qe2 Bc5 13. Na4 Qb5 14. Nxc5
Qxc5 15. Ng5 h5 16. h3 Qd4 17. g3 Bxd3 18. Qd2 Be4+ 19. Nf3 Qc4 20. Kg2 Nh6 21.
b3 Qb5 22. Bb2 O-O 23. Kh2 Bxf3 24. Rxf3 Rfc8 25. Raf1 a5 26. f5 exf5 27. Qg5
Kh7 28. Qxh5 g6 29. Qh4 Qb4 30. Rf4 Rg8 31. Rxb4 1-0

[Event "4NCL Division 3 South"]
[Site "Maidenhead, ENG"]
[Date "2022.02.13"]
[Round "4.125"]
[White "Nelder, Allan"]
[Black "Sivanandan, Bodhana"]
[Result "0-1"]
[WhiteElo "1633"]
[BlackElo "1289"]
[PlyCount "92"]
[EventDate "2022.02.13"]
[WhiteTeam "War and Piece A"]
[BlackTeam "Cambridge University Y"]

1. e4 e5 2. Nf3 Nc6 3. Bb5 Nf6 4. d4 exd4 5. e5 Ng4 6. O-O d6 7. Nxd4 Bd7 8.
Bxc6 bxc6 9. e6 fxe6 10. Qxg4 e5 11. Qe2 Be7 12. Nf3 O-O 13. Nc3 Qe8 14. Ne4
Qg6 15. Bg5 Bxg5 16. Nexg5 h6 17. Ne4 Rae8 18. Rad1 d5 19. Ng3 Qf6 20. c3 Qf4
21. a4 e4 22. Nd4 Bg4 23. f3 exf3 24. Qd2 f2+ 25. Rxf2 Qxf2+ 26. Qxf2 Rxf2 27.
Nxc6 Rxg2+ 28. Kxg2 Bxd1 29. a5 a6 30. Nb4 Rb8 31. Nxd5 Rxb2+ 32. Kf1 Rb5 33.
Nxc7 Rxa5 34. Ne4 Ra1 35. Kf2 a5 36. c4 Rc1 37. c5 a4 38. Nb5 Bg4 39. Ke3 Bd7
40. Na3 Ra1 41. Nc2 Ra2 42. Nb4 Rb2 43. Nd3 Rb3 44. Nd2 Rb8 45. Ne5 Be6 46. c6
a3 0-1

[Event "4NCL Division 3 South"]
[Site "Maidenhead, ENG"]
[Date "2022.02.13"]
[Round "4.126"]
[White "Laddhad, Laksh"]
[Black "Chapman, Chas"]
[Result "1/2-1/2"]
[WhiteElo "829"]
[BlackElo "1661"]
[PlyCount "49"]
[EventDate "2022.02.13"]
[WhiteTeam "Cambridge University Y"]
[BlackTeam "War and Piece A"]

1. e4 c5 2. Nf3 d6 3. d4 cxd4 4. Nxd4 Nf6 5. Bd3 g6 6. O-O Bg7 7. c3 O-O 8. Qb3
Nc6 9. Be3 Nxd4 10. Bxd4 Qc7 11. Nd2 Be6 12. Bc4 Bxc4 13. Qxc4 Qxc4 14. Nxc4
Nxe4 15. Rfe1 d5 16. Na5 Bxd4 17. cxd4 b6 18. Nc6 e6 19. Rac1 Kg7 20. f3 Nd6
21. Ne5 Rfc8 22. Rxc8 Rxc8 23. Re3 Rc1+ 24. Kf2 Rc2+ 25. Re2 1/2-1/2

[Event "4NCL Division 3 South"]
[Site "Maidenhead, ENG"]
[Date "2022.02.13"]
[Round "4.131"]
[White "Sturt, Charles A"]
[Black "Lovell, Steve"]
[Result "1/2-1/2"]
[WhiteElo "1674"]
[BlackElo "1813"]
[PlyCount "84"]
[EventDate "2022.02.13"]
[WhiteTeam "Celtic Tigers 3"]
[BlackTeam "Iceni 3"]

1. e4 e5 2. Nf3 Nc6 3. Nc3 Nf6 4. d4 exd4 5. Nxd4 Bb4 6. Nxc6 bxc6 7. Bd3 d5 8.
exd5 cxd5 9. O-O O-O 10. h3 c6 11. Qf3 Ba5 12. Bf4 Be6 13. Bg5 Rb8 14. Na4 Bc7
15. b3 Qd6 16. Qg3 Qxg3 17. fxg3 Bxg3 18. Bf4 Bxf4 19. Rxf4 Nd7 20. Rh4 h6 21.
Re1 a5 22. Rf4 Rfe8 23. Rf2 f6 24. Ba6 Bf7 25. Rfe2 Rxe2 26. Rxe2 c5 27. Re7
Be8 28. Bb5 Rxb5 29. Rxe8+ Kf7 30. Rd8 Ke7 31. Rg8 g5 32. Nc3 Rb7 33. Nxd5+ Ke6
34. c4 a4 35. Re8+ Kd6 36. Re3 axb3 37. axb3 Rb8 38. Ne7 h5 39. Nf5+ Kc7 40.
Kf2 Ne5 41. Ng3 h4 42. Ne4 Nd7 1/2-1/2

[Event "4NCL Division 3 South"]
[Site "Maidenhead, ENG"]
[Date "2022.02.13"]
[Round "4.132"]
[White "Alderson, John K A"]
[Black "Hoong, Jonathan"]
[Result "0-1"]
[WhiteElo "1794"]
[BlackElo "1725"]
[PlyCount "94"]
[EventDate "2022.02.13"]
[WhiteTeam "Iceni 3"]
[BlackTeam "Celtic Tigers 3"]

1. e4 g6 2. Nf3 d6 3. c3 Nf6 4. d3 c5 5. Be2 Nc6 6. O-O Bg7 7. h3 O-O 8. Nbd2
a6 9. a4 Qc7 10. Nc4 d5 11. exd5 Nxd5 12. a5 Rd8 13. Qc2 Nf4 14. Bxf4 Qxf4 15.
Rfd1 Be6 16. Ra4 Qc7 17. b4 cxb4 18. cxb4 Nd4 19. Nxd4 Rxd4 20. Ra3 Rc8 21. Qb1
Qf4 22. Qc1 Qh4 23. Qe3 Bxc4 24. dxc4 Rxd1+ 25. Bxd1 Rxc4 26. Rd3 Rxb4 27. Rd8+
Bf8 28. g3 Qf6 29. Qh6 Qg7 30. Qd2 Rb5 31. Qd7 f5 32. Be2 Rb1+ 33. Kg2 Qf6 34.
Bc4+ Kg7 35. Be6 Re1 36. Bd5 Rb1 37. Be6 Qe5 38. Bd5 Qe1 39. g4 Qg1+ 40. Kf3
Qd1+ 41. Ke3 Qe1+ 42. Kf3 Qh1+ 43. Ke3 Qxh3+ 44. f3 Qh6+ 45. Kd3 Rd1+ 46. Kc3
Qe3+ 47. Kb2 Rd2+ 0-1

[Event "4NCL Division 3 South"]
[Site "Maidenhead, ENG"]
[Date "2022.02.13"]
[Round "4.133"]
[White "Perchard, Matthew"]
[Black "Usher, Michael E"]
[Result "1/2-1/2"]
[WhiteElo "1500"]
[BlackElo "1714"]
[PlyCount "113"]
[EventDate "2022.02.13"]
[WhiteTeam "Celtic Tigers 3"]
[BlackTeam "Iceni 3"]

1. e4 e6 2. d4 d5 3. Nd2 dxe4 4. Nxe4 Nf6 5. Bg5 Be7 6. Ng3 Nc6 7. Nf3 h6 8.
Be3 a6 9. c3 b6 10. Bd3 Bb7 11. O-O Bd6 12. Ne4 Nxe4 13. Bxe4 f5 14. Bc2 Qf6
15. Qe2 O-O-O 16. Rad1 g5 17. Bc1 Kb8 18. Rfe1 Rde8 19. Ne5 Bxe5 20. dxe5 Qg7
21. Rd2 h5 22. b4 Ne7 23. Bd3 Ka7 24. a4 Nd5 25. Rc2 Nf4 26. Bxf4 gxf4 27. f3
Rhg8 28. Qf2 Kb8 29. c4 Qd7 30. Bf1 Qxa4 31. b5 Rd8 32. Rb1 Qa3 33. bxa6 Ba8
34. Ra2 Qxf3 35. a7+ Kc8 36. Qxf3 Bxf3 37. a8=Q+ Bxa8 38. Rxa8+ Kb7 39. Rxd8
Rxd8 40. Be2 h4 41. Kf2 Rd4 42. c5 Rd2 43. cxb6 cxb6 44. Ke1 Rc2 45. Rb5 Kc6
46. Kd1 Rxe2 47. Rxb6+ Kxb6 48. Kxe2 Kc5 49. Kf3 Kd5 50. Kxf4 Kd4 51. g3 h3 52.
g4 fxg4 53. Kxg4 Kxe5 54. Kxh3 Kf4 55. Kg2 e5 56. Kf2 Kg4 57. Ke3 1/2-1/2